[Event "12th Open"]
[Site "Dubai UAE"]
[Date "2010.04.06"]
[Round "2"]
[White "Abhishek,K"]
[Black "Shanava,K"]
[Result "0-1"]
[WhiteElo "2261"]
[BlackElo "2544"]
[EventDate "2010.04.05"]

1. d4 g6 2. g3 Bg7 3. Bg2 d6 4. e4 c5 5. dxc5 Qa5+ 6. Bd2 Qxc5 7. Bc3 Bxc3+
8. Nxc3 Nf6 9. Nge2 Nc6 10. a3 Bg4 11. O-O h5 12. h3 Bxe2 13. Qxe2 h4 14.
g4 Nd4 15. Qe3 Nxc2 16. Qxc5 dxc5 17. Rad1 e5 18. Nd5 Nd7 19. Nc7+ Ke7 20.
Nxa8 Rxa8 21. Rd2 Nd4 22. f3 Rc8 23. Rff2 g5 24. Bf1 c4 25. Kg2 b5 26. Rd1
Nc5 27. Rc1 a5 28. Rc3 Rc6 29. a4 Nxa4 30. Ra3 Kd6 31. Rd2 Kc5 32. Kf2 Kb4
33. Ke3 Nxb2 0-1

[Event "12th Open"]
[Site "Dubai UAE"]
[Date "2010.04.06"]
[Round "2"]
[White "Shengelia,D"]
[Black "Agaragimov,D"]
[Result "1-0"]
[WhiteElo "2567"]
[BlackElo "2304"]
[EventDate "2010.04.05"]

1. d4 Nf6 2. g3 g6 3. Bg2 Bg7 4. e4 d6 5. Ne2 O-O 6. h3 c5 7. d5 Na6 8. O-O
Nc7 9. a4 Rb8 10. g4 Nfe8 11. Ng3 e6 12. Nc3 Qh4 13. Nce2 a6 14. c3 b5 15.
axb5 Rxb5 16. Be3 Qe7 17. Qd2 exd5 18. exd5 Bb7 19. b4 c4 20. Nd4 Bxd4 21.
Qxd4 Qf6 22. Qxc4 Bxd5 23. Bxd5 Nxd5 24. Bh6 Qh4 25. Bxf8 Ne3 26. Qe2 Re5
27. fxe3 Qxg3+ 28. Qg2 Qxe3+ 29. Qf2 Kxf8 30. Rxa6 d5 31. Ra8 Kg7 32. Qxe3
Rxe3 33. Kf2 1-0

[Event "12th Open"]
[Site "Dubai UAE"]
[Date "2010.04.06"]
[Round "2"]
[White "Makropoulou,M"]
[Black "El Taher,F"]
[Result "1/2-1/2"]
[WhiteElo "2225"]
[BlackElo "2487"]
[EventDate "2010.04.05"]

1. e4 e5 2. Nf3 Nc6 3. Bb5 a6 4. Ba4 Nf6 5. O-O Be7 6. Re1 b5 7. Bb3 d6 8.
c3 O-O 9. h3 Na5 10. Bc2 c5 11. d4 Qc7 12. Nbd2 cxd4 13. cxd4 Nc6 14. a3
exd4 15. Nb3 Re8 16. Nbxd4 Bd7 17. Bf4 Ne5 18. Rc1 Rac8 19. Bb3 Qb8 20.
Rxc8 Rxc8 21. Nf5 Bf8 22. Bg5 Bxf5 23. exf5 Ned7 24. Bf4 Nc5 25. Ba2 h6 26.
Qd4 Ncd7 27. g4 Qb7 28. Qd1 Nb6 29. Be3 Nc4 30. Bd4 Ne4 31. Bb1 Re8 32. Bd3
d5 33. Nh2 Qc6 34. f3 Ng5 35. Bf1 Rxe1 36. Qxe1 Bc5 1/2-1/2

[Event "12th Open"]
[Site "Dubai UAE"]
[Date "2010.04.06"]
[Round "2"]
[White "Harutjunyan,G"]
[Black "Shabanov,N"]
[Result "1-0"]
[WhiteElo "2476"]
[BlackElo "1985"]
[EventDate "2010.04.05"]

1. Nf3 Nf6 2. g3 g6 3. b3 Bg7 4. Bb2 O-O 5. Bg2 d6 6. d4 Nbd7 7. O-O e5 8.
dxe5 Ng4 9. c4 Ngxe5 10. Nc3 f5 11. Qd2 Nxf3+ 12. Bxf3 Ne5 13. Bg2 Rb8 14.
Rad1 Be6 15. Qe3 Re8 16. c5 Nf7 17. Qc1 Qe7 18. e4 fxe4 19. Nxe4 Bf5 20.
Rfe1 Bxe4 21. Rxe4 Qf8 22. Rxe8 Qxe8 23. Bxg7 Kxg7 24. cxd6 cxd6 25. Re1
Qd7 26. Qc3+ Kf8 27. Bd5 Re8 28. Rxe8+ Qxe8 29. Qc7 Qe7 30. Qb8+ Kg7 31.
Qxa7 Nd8 32. Qd4+ Qf6 33. Qxf6+ Kxf6 34. f4 b6 35. Kf2 Ne6 36. Bxe6 Kxe6
37. g4 h5 38. h3 b5 39. a3 1-0

[Event "12th Open"]
[Site "Dubai UAE"]
[Date "2010.04.06"]
[Round "2"]
[White "Abdulov,Or"]
[Black "Ghaem Maghami,E"]
[Result "0-1"]
[WhiteElo "2312"]
[BlackElo "2575"]
[EventDate "2010.04.05"]

1. e4 c5 2. Nf3 d6 3. d4 cxd4 4. Nxd4 Nf6 5. Nc3 Nc6 6. Bg5 e6 7. Be2 Be7
8. O-O O-O 9. Be3 a6 10. f4 Qc7 11. Kh1 Bd7 12. a4 Rfe8 13. Qe1 Rac8 14.
Qg3 Nb4 15. Bg1 Bc6 16. e5 dxe5 17. fxe5 Nd7 18. Rae1 Nxe5 19. Bh5 Ng6 20.
Nxc6 Nxc6 21. Qxc7 Rxc7 22. Bb6 Rcc8 23. Bf3 Nge5 24. Ne4 Nxf3 25. Rxf3 Ne5
26. Rb3 Rxc2 27. Bd4 Nc6 28. Bc3 Rb8 29. Rb6 0-1

[Event "12th Open"]
[Site "Dubai UAE"]
[Date "2010.04.06"]
[Round "2"]
[White "Hejazipour,M"]
[Black "Dzagnidze,N"]
[Result "1/2-1/2"]
[WhiteElo "2216"]
[BlackElo "2479"]
[EventDate "2010.04.05"]

1. d4 Nf6 2. c4 e6 3. Nf3 b6 4. g3 Ba6 5. Qa4 Bb7 6. Bg2 c5 7. dxc5 Bxc5 8.
O-O O-O 9. Nc3 Ne4 10. Nxe4 Bxe4 11. Ng5 Bxg2 12. Qc2 f5 13. Kxg2 Nc6 14.
Rd1 Qe7 15. Nf3 e5 16. Be3 e4 17. Ng1 Bxe3 18. fxe3 Ne5 19. Qb3 Qe6 20.
Rac1 Rac8 21. Nh3 Rxc4 22. Nf4 Qc6 23. Rd4 b5 24. Nd5 Kh8 25. Rcxc4 Nxc4
26. a4 a6 27. Qb4 Re8 28. b3 Ne5 29. axb5 axb5 30. Ne7 Qe6 31. Nd5 Nc6 32.
Nc7 Nxb4 33. Nxe6 Nc6 34. Nc7 Nxd4 35. Nxe8 Nxb3 36. Nc7 b4 37. Nd5 Nc1 38.
Nxb4 Nxe2 39. Na2 g5 40. Kf2 Nxg3 41. hxg3 h5 42. Nc3 Kg7 43. Ne2 Kf6 44.
Ng1 d6 45. Nh3 d5 46. Ke2 Kg6 47. Ke1 Kh6 48. Kd2 h4 49. gxh4 gxh4 50. Ke2
Kh5 51. Nf4+ Kg4 52. Nxd5 Kg3 53. Kf1 Kf3 54. Kg1 Kg3 55. Kf1 Kf3 56. Kg1
Kg3 57. Kh1 Kf3 58. Kh2 f4 59. exf4 e3 60. Nxe3 Kxf4 61. Ng2+ Kg4 62. Nxh4
1/2-1/2

[Event "12th Open"]
[Site "Dubai UAE"]
[Date "2010.04.06"]
[Round "2"]
[White "Sharapov,E"]
[Black "Mirzoeva,E"]
[Result "1-0"]
[WhiteElo "2498"]
[BlackElo "2230"]
[EventDate "2010.04.05"]

1. e4 c6 2. d4 d5 3. Nc3 dxe4 4. Nxe4 Bf5 5. Ng3 Bg6 6. h4 h6 7. Nf3 Nd7 8.
h5 Bh7 9. Bd3 Bxd3 10. Qxd3 e6 11. Bd2 Ngf6 12. O-O-O Be7 13. Ne4 Nxe4 14.
Qxe4 Nf6 15. Qe2 Qd5 16. c4 Qe4 17. Qxe4 Nxe4 18. Be3 O-O 19. Ne5 Rfd8 20.
g4 c5 21. f3 cxd4 22. Bxd4 Bc5 23. Bxc5 Nxc5 24. Kc2 f6 25. Ng6 a5 26. b3
Kf7 27. a3 e5 28. Nh4 Ne6 29. Nf5 b6 30. Rhe1 Nf4 31. Rd6 Rxd6 32. Nxd6+
Kf8 33. Rd1 Ne6 34. Nf5 Rd8 35. Rxd8+ Nxd8 36. b4 axb4 37. axb4 Ne6 38. Kd3
Ke8 39. Ke4 Kd7 40. Nh4 Nd4 41. f4 Nc6 42. Nf5 exf4 43. Nxg7 Ne5 44. Kxf4
Nxc4 45. Nf5 Ke6 46. Nxh6 Nb2 47. Ke4 Nd1 48. Nf5 Nf2+ 49. Kf3 Nh3 50. Ke3
Ng5 51. Nd4+ Kd5 52. h6 1-0

[Event "12th Open"]
[Site "Dubai UAE"]
[Date "2010.04.06"]
[Round "2"]
[White "Savchenko,S"]
[Black "El Arousy,A"]
[Result "1-0"]
[WhiteElo "2526"]
[BlackElo "2265"]
[EventDate "2010.04.05"]

1. Nf3 d5 2. d4 Nf6 3. c4 c6 4. e3 Bg4 5. Qb3 Qb6 6. Nc3 Bxf3 7. gxf3 e6 8.
Bd2 Nbd7 9. f4 dxc4 10. Qxc4 Be7 11. Bg2 O-O 12. Rb1 a5 13. O-O Rfd8 14.
Rfd1 Qa6 15. Qxa6 Rxa6 16. Ne2 Kf8 17. Nc1 Nd5 18. a3 f5 19. Nd3 h6 20. Kf1
a4 21. Ke2 Kf7 22. Rbc1 Rg8 23. Rg1 g5 24. fxg5 hxg5 25. f3 Rh8 26. h3 Raa8
27. e4 Nc7 28. exf5 exf5 29. f4 gxf4 30. Bxf4 Ne6 31. Be3 Ra5 32. Rgf1 Bf6
33. d5 cxd5 34. Rxf5 Ke7 35. Kf1 Ng7 36. Rf2 Ne5 37. Bd2 Rb5 38. Bb4+ Kd8
39. Re1 Ng6 1-0

[Event "12th Open"]
[Site "Dubai UAE"]
[Date "2010.04.07"]
[Round "3"]
[White "Lalith,B"]
[Black "Aleksandrov,A"]
[Result "1/2-1/2"]
[WhiteElo "2493"]
[BlackElo "2601"]
[EventDate "2010.04.05"]

1. Nf3 Nf6 2. c4 e6 3. Nc3 d5 4. d4 Nbd7 5. Bg5 Bb4 6. cxd5 exd5 7. Qc2 c5
8. dxc5 h6 9. Bd2 O-O 10. e3 Bxc5 11. Bd3 a6 12. O-O b5 13. Rac1 Bb7 14.
Qb1 Qe7 15. Ne2 Ne4 16. Bc3 Nxc3 17. Rxc3 Bb6 18. Ned4 Nc5 19. b4 Ne4 20.
Rc2 Rfc8 21. Rfc1 g6 22. Qb3 Qe8 23. h4 Rxc2 24. Rxc2 Nf6 25. Qb2 Bd8 26.
Nb3 Bc8 27. Qd4 Be6 28. Nc5 Nh5 29. Nxe6 Qxe6 30. Qc3 Be7 31. a3 Bf6 32.
Qc7 Qe8 33. Qd6 Qd8 34. Qc6 Bg7 35. Qb7 Nf6 36. Ne5 Qf8 37. Nxf7 Rb8 38.
Qc7 Ne4 39. Ne5 Re8 40. Nxg6 Qf6 41. Bxe4 Rxe4 42. Nf4 Rc4 43. Rxc4 dxc4
44. g3 Qf5 45. Qc6 c3 46. e4 Qf6 47. Qc8+ Kh7 48. Nd5 Qf3 49. Ne7 Qf8 50.
Qc7 Qf7 51. e5 Qc4 52. Qd7 c2 53. Qf5+ Kh8 54. Ng6+ Kg8 55. Ne7+ 1/2-1/2

[Event "12th Open"]
[Site "Dubai UAE"]
[Date "2010.04.07"]
[Round "3"]
[White "Laxman,R"]
[Black "Gagunashvili,M"]
[Result "1/2-1/2"]
[WhiteElo "2485"]
[BlackElo "2582"]
[EventDate "2010.04.05"]

1. Nf3 d5 2. d4 Nf6 3. c4 c6 4. Nc3 dxc4 5. a4 Bf5 6. e3 e6 7. Bxc4 Bb4 8.
O-O O-O 9. Qe2 Bg6 10. Ne5 Nbd7 11. Nxg6 hxg6 12. Rd1 Qa5 13. Bd2 Rad8 14.
Bb3 c5 15. d5 exd5 16. Bxd5 Nxd5 17. Nxd5 Bxd2 18. Qxd2 Qxd2 19. Rxd2 Ne5
20. Rad1 Kh8 21. Nf4 Rxd2 22. Rxd2 Rc8 23. Kf1 Kg8 24. Ke2 f6 25. Nd3 Nd7
26. Nf4 Ne5 27. Nd3 Nd7 28. Nf4 Ne5 29. Nd3 Nd7 30. Nf4 Ne5 31. Ke1 1/2-1/2

[Event "12th Open"]
[Site "Dubai UAE"]
[Date "2010.04.07"]
[Round "3"]
[White "Melkumyan,H"]
[Black "Harutjunyan,G"]
[Result "1-0"]
[WhiteElo "2582"]
[BlackElo "2476"]
[EventDate "2010.04.05"]

1. d4 Nf6 2. c4 g6 3. Nc3 Bg7 4. e4 d6 5. Be2 O-O 6. Nf3 e5 7. O-O exd4 8.
Nxd4 Re8 9. f3 Nc6 10. Be3 Nh5 11. Qd2 Nf4 12. Nxc6 Nxe2+ 13. Nxe2 bxc6 14.
Bd4 Be6 15. Bxg7 Kxg7 16. c5 dxc5 17. Qc3+ Qf6 18. Rfc1 Rab8 19. b3 Rb5 20.
Nf4 Rd8 21. Nd3 Rd4 22. e5 Qg5 23. Re1 Bf5 24. e6 Bxe6 25. Rac1 Bh3 26. Rc2
Bf5 27. Nxc5 Qf6 28. Rcc1 Rd5 29. Qxf6+ Kxf6 30. Na4 Rd6 31. g4 Bd3 32. Nc5
Rd5 33. Na4 Rd6 34. Kf2 g5 35. Nc5 Bg6 36. Re2 Rb8 37. Rc4 Rb5 38. Rc3 Rb8
39. Kg3 h6 40. h4 Rf8 1-0

[Event "12th Open"]
[Site "Dubai UAE"]
[Date "2010.04.07"]
[Round "3"]
[White "Harika,D"]
[Black "Arutinian,D"]
[Result "1-0"]
[WhiteElo "2473"]
[BlackElo "2576"]
[EventDate "2010.04.05"]

1. Nf3 Nf6 2. c4 e6 3. Nc3 d5 4. d4 Bb4 5. Qb3 c5 6. cxd5 exd5 7. dxc5 Nc6
8. Bg5 Be6 9. O-O-O Qa5 10. Bxf6 gxf6 11. Nxd5 Qxc5+ 12. Qc2 Bxd5 13. Qxc5
Bxc5 14. Rxd5 Bxf2 15. e4 Rg8 16. Kb1 Rd8 17. Bb5 Bb6 18. g3 Ke7 19. Rhd1
Rg4 20. Rxd8 Bxd8 21. Nh4 Rxe4 22. Nf5+ Ke6 23. Ng7+ Ke7 24. Nf5+ Ke6 25.
Bxc6 bxc6 26. Nd4+ Kd7 27. Nb5+ Ke7 28. Nxa7 Re6 29. Nc8+ Ke8 30. Nd6+ Kf8
31. Nxf7 Bc7 32. Nd8 Re2 33. Nxc6 Rxh2 34. a4 f5 35. Rf1 Ke8 36. Rxf5 Kd7
37. Nd4 Bxg3 38. a5 Rh4 39. a6 Rxd4 40. a7 Ra4 41. Rf8 h5 42. a8=Q Rxa8 43.
Rxa8 h4 44. Ra3 Ke6 45. Kc2 Kd5 46. Rd3+ Ke4 47. Kd2 Be5 48. b4 Bd4 49. b5
Bc5 50. Ke2 Ba7 51. Rd6 h3 52. b6 Bb8 53. Rh6 Kd5 54. Kf3 h2 55. Kg2 Bf4
56. b7 Kc5 57. Rh8 1-0

[Event "12th Open"]
[Site "Dubai UAE"]
[Date "2010.04.07"]
[Round "3"]
[White "Iturrizaga,E"]
[Black "Sharapov,E"]
[Result "1-0"]
[WhiteElo "2604"]
[BlackElo "2498"]
[EventDate "2010.04.05"]

1. Nf3 Nf6 2. c4 c6 3. Nc3 d5 4. e3 e6 5. b3 Nbd7 6. Bb2 Bd6 7. Qc2 O-O 8.
Rg1 e5 9. cxd5 Nxd5 10. Ne4 Qe7 11. a3 Bc7 12. g4 N7f6 13. Nxf6+ Qxf6 14.
Bd3 g6 15. Be4 Qe7 16. g5 f5 17. gxf6 Nxf6 18. Bxg6 hxg6 19. Qxg6+ Kh8 20.
Nxe5 Qh7 21. Nf7+ 1-0

[Event "12th Open"]
[Site "Dubai UAE"]
[Date "2010.04.07"]
[Round "3"]
[White "Guseinov,G"]
[Black "Kotanjian,T"]
[Result "1-0"]
[WhiteElo "2609"]
[BlackElo "2522"]
[EventDate "2010.04.05"]

1. e4 c5 2. Nf3 d6 3. d4 cxd4 4. Nxd4 Nf6 5. Nc3 a6 6. Bg5 e6 7. f4 Qb6 8.
Qd3 Qxb2 9. Rb1 Qa3 10. f5 Be7 11. Be2 Qa5 12. Bd2 Qc7 13. fxe6 fxe6 14. g4
h6 15. g5 hxg5 16. e5 dxe5 17. Nf3 e4 18. Nxe4 Nxe4 19. Qxe4 O-O 20. Bd3
Rf5 21. Qe2 g4 22. Bxf5 exf5 23. Nd4 Bh4+ 24. Kd1 Qf7 25. h3 g3 26. Nf3 Bf6
27. Rg1 Nc6 28. Rxg3 f4 29. Ng5 Bxg5 30. Rxg5 Bf5 31. Rxf5 Qxf5 32. Qc4+
Kh8 33. Rxb7 Qg6 34. Kc1 Ne5 35. Qc5 Re8 36. Bxf4 Qg2 37. Bxe5 Qxb7 38. Qd4
Qe7 39. Bd6 1-0

[Event "12th Open"]
[Site "Dubai UAE"]
[Date "2010.04.07"]
[Round "3"]
[White "Grover,S"]
[Black "Gupta,Ab"]
[Result "1/2-1/2"]
[WhiteElo "2434"]
[BlackElo "2560"]
[EventDate "2010.04.05"]

1. e4 e5 2. Nf3 Nc6 3. Bb5 Nf6 4. d3 Bc5 5. c3 O-O 6. O-O d6 7. Bg5 h6 8.
Bh4 Bb6 9. Nbd2 a6 10. Ba4 Qe7 11. h3 Nd8 12. Nc4 Ne6 13. Nxb6 cxb6 14. Nd2
Nf4 15. Bc2 Be6 16. Nc4 Bxc4 17. dxc4 Rac8 18. Bd3 Nxd3 19. Qxd3 Rc6 20.
Bxf6 Qxf6 21. Rac1 Qe6 22. b3 f5 23. exf5 Qxf5 24. Qxf5 Rxf5 25. Rfe1 b5
26. cxb5 axb5 27. Re4 d5 28. Ree1 e4 29. Red1 Kf7 30. Kf1 1/2-1/2

[Event "12th Open"]
[Site "Dubai UAE"]
[Date "2010.04.07"]
[Round "3"]
[White "Tejas,R"]
[Black "Lopez Martinez,Josep"]
[Result "1-0"]
[WhiteElo "2165"]
[BlackElo "2548"]
[EventDate "2010.04.05"]

1. Nf3 Nf6 2. c4 g6 3. Nc3 Bg7 4. e4 d6 5. d4 O-O 6. h3 e5 7. d5 Na6 8. Bg5
Qe8 9. Be2 Nh5 10. g3 f5 11. Nd2 Nf6 12. g4 Qf7 13. Bh4 g5 14. Bg3 f4 15.
Bh2 c5 16. f3 h5 17. Bg1 Qe7 18. Bf2 Bd7 19. a3 Kf7 20. Qc2 Rh8 21. O-O-O
Ne8 22. Kb1 Rh6 23. Ka1 Nec7 24. Rdg1 Rah8 25. Qd3 b6 26. Rb1 hxg4 27. fxg4
Bf6 28. Rbg1 Kf8 29. Ka2 Qd8 30. Bf1 Be7 31. Nf3 Rg8 32. Be2 Ne8 33. Be1
Rhh8 34. Nb5 Qb8 35. Bc3 Rh7 36. Bf1 Nac7 37. Nxe5 Bxb5 38. cxb5 dxe5 39.
Bxe5 Qd8 40. Rh2 Bf6 41. Bxf6 Nxf6 42. d6 Nce8 43. e5 Nxd6 44. exd6 Rd7 45.
Rd2 Rgg7 46. Bg2 Ne8 47. Rc1 Qf6 48. Bc6 Nxd6 49. Bxd7 Rxd7 50. Qc3 Qxc3
51. Rxc3 Ke7 52. Kb1 Ke6 53. Kc2 Nxb5 54. Rcd3 1-0

[Event "12th Open"]
[Site "Dubai UAE"]
[Date "2010.04.07"]
[Round "3"]
[White "Pantsulaia,L"]
[Black "Mamedjarova,Z"]
[Result "1-0"]
[WhiteElo "2588"]
[BlackElo "2289"]
[EventDate "2010.04.05"]

1. d4 f5 2. Nc3 g6 3. e4 fxe4 4. Nxe4 d5 5. Ng5 Qd6 6. f4 Bg7 7. Bd3 Nc6 8.
c3 Bd7 9. Qe2 Nd8 10. N1f3 Ne6 11. O-O Nxg5 12. fxg5 O-O-O 13. g3 Bg4 14.
Bf4 Qd7 15. Qe3 Bxf3 16. Rxf3 e6 17. Re1 Ne7 18. Qxe6 Qxe6 19. Rxe6 Nc6 20.
Rfe3 1-0

[Event "12th Open"]
[Site "Dubai UAE"]
[Date "2010.04.07"]
[Round "3"]
[White "El Taher,F"]
[Black "Hejazipour,M"]
[Result "1/2-1/2"]
[WhiteElo "2487"]
[BlackElo "2216"]
[EventDate "2010.04.05"]

1. e4 c5 2. Nf3 e6 3. d4 cxd4 4. Nxd4 a6 5. Bd3 Nf6 6. O-O Qc7 7. Qe2 d6 8.
c4 g6 9. Nc3 Bg7 10. Rd1 O-O 11. Nf3 Nc6 12. h3 Nd7 13. Bf4 Bxc3 14. bxc3
e5 15. Bh6 Rd8 16. Nh2 Nc5 17. Bg5 Rf8 18. Bh6 Rd8 19. Ng4 Qe7 20. Qf3 Bxg4
21. Qxg4 f6 22. Be2 Rac8 23. Rab1 Na4 24. Qf3 Qf7 25. Rd5 g5 26. h4 Qg6 27.
hxg5 fxg5 28. Qh3 Rc7 29. Bg4 Ne7 30. Bf5 Nxf5 31. exf5 Qf6 32. Rd3 Kh8 33.
Qh5 Rg8 34. Rbd1 Rd7 35. Rg3 Qxf5 36. Rxg5 Rxg5 37. Bxg5 Rg7 38. Qe8+
1/2-1/2

[Event "12th Open"]
[Site "Dubai UAE"]
[Date "2010.04.07"]
[Round "3"]
[White "Somoff,A"]
[Black "Volkov,Sergey1"]
[Result "0-1"]
[WhiteElo "2196"]
[BlackElo "2612"]
[EventDate "2010.04.05"]

1. e4 e6 2. d4 d5 3. Nc3 Nf6 4. Bg5 Bb4 5. e5 h6 6. Bd2 Bxc3 7. bxc3 Ne4 8.
Bd3 Nxd2 9. Qxd2 c5 10. Nf3 Qa5 11. O-O c4 12. Be2 Nd7 13. g3 Nb6 14. Rfb1
Qa3 15. Qc1 Qxc1+ 16. Rxc1 Na4 17. Kf1 Bd7 18. Rcb1 b5 19. a3 Nxc3 20. Rb2
Ke7 21. Ke1 Rhb8 22. h4 Rb6 23. Kd2 Ne4+ 24. Ke3 Ra6 25. Rb4 Rb6 26. Ne1
Rc8 27. Bf3 a5 28. Rbb1 Nc3 29. Rb2 Rcb8 30. Kd2 b4 31. axb4 axb4 32. Ke3
f6 33. Ra5 b3 34. Ra1 Rb4 35. Bd1 Nxd1+ 36. Rxd1 bxc2 0-1

[Event "12th Open"]
[Site "Dubai UAE"]
[Date "2010.04.07"]
[Round "3"]
[White "Kowsarinia,A"]
[Black "Khukhashvili,S"]
[Result "1/2-1/2"]
[WhiteElo "2139"]
[BlackElo "2421"]
[EventDate "2010.04.05"]

1. d4 d6 2. c4 Nd7 3. Nc3 e5 4. d5 g6 5. e4 Bg7 6. g3 Ne7 7. Bg2 O-O 8.
Nge2 a5 9. O-O Nc5 10. Be3 b6 11. f4 Bg4 12. fxe5 Bxe5 13. Bh6 Re8 14. Qd2
f5 15. Nd4 fxe4 16. Nxe4 Nxe4 17. Bxe4 Qd7 18. Qf2 Kh8 19. Rae1 Ng8 20. Bg5
Rf8 21. Qd2 Rxf1+ 22. Rxf1 Re8 23. Ne6 Bxe6 24. dxe6 Qxe6 25. Bc6 Rb8 26.
Bd5 Qg4 27. Rf7 c6 28. Bxc6 Qxc4 29. Qd5 Qxd5 30. Bxd5 Bxb2 31. Kg2 b5 32.
Ra7 a4 33. Bc6 Bd4 34. Rd7 Be5 35. Rd8 Rxd8 36. Bxd8 Nh6 37. Bxb5 a3 38.
Bd7 Kg7 39. Ba5 Kf6 40. Bd8+ Kf7 41. g4 Bf6 42. Ba5 Ke7 43. Bc8 Nf7 44. Kf3
Be5 45. Bb4 Bb2 46. Ke4 Be5 47. h4 Bf6 48. Bxa3 Bxh4 49. Kd5 Bg3 50. Bb4 h5
51. gxh5 gxh5 52. a4 Kd8 53. Bf5 h4 54. Ba5+ Ke7 55. Bd2 Kf6 56. Bh3 Ng5
57. Bxg5+ Kxg5 58. a5 Bf2 59. Kxd6 Kf4 60. Kc7 Kg3 61. Bc8 h3 62. Bxh3 Kxh3
1/2-1/2

[Event "12th Open"]
[Site "Dubai UAE"]
[Date "2010.04.07"]
[Round "3"]
[White "Karma,P"]
[Black "Bajarani,U"]
[Result "1/2-1/2"]
[WhiteElo "2134"]
[BlackElo "2395"]
[EventDate "2010.04.05"]

1. e4 e6 2. d4 d5 3. Nc3 Nf6 4. Bg5 Be7 5. e5 Nfd7 6. Bxe7 Qxe7 7. f4 a6 8.
Nf3 c5 9. Qd2 Nc6 10. dxc5 Nxc5 11. Bd3 O-O 12. O-O b5 13. Qe3 Nxd3 14.
cxd3 Qb4 15. Ne2 d4 16. Nfxd4 Nxd4 17. Nxd4 Bb7 18. Nb3 Rac8 19. Rac1 Bd5
20. Qd4 Qe7 21. Rxc8 Rxc8 22. Rc1 Rxc1+ 23. Nxc1 Qh4 24. Qf2 Qg4 25. Ne2 h5
26. Nc3 Bc6 27. h3 Qg6 28. Qe2 Qg3 29. Qd2 Qg6 30. Qe2 Qg3 31. Qd2 g5 32.
Ne4 Bxe4 33. dxe4 gxf4 34. Qd8+ 1/2-1/2

[Event "12th Open"]
[Site "Dubai UAE"]
[Date "2010.04.07"]
[Round "3"]
[White "Marcos,M"]
[Black "Karavade,E"]
[Result "0-1"]
[WhiteElo "2113"]
[BlackElo "2366"]
[EventDate "2010.04.05"]

1. e4 c5 2. Nc3 d6 3. g3 Nc6 4. Bg2 g6 5. d3 Bg7 6. Be3 e6 7. Qd2 Rb8 8.
Nge2 Nd4 9. Nc1 b5 10. O-O Ne7 11. Nd1 b4 12. c3 bxc3 13. bxc3 Ndc6 14. Bh6
O-O 15. Bxg7 Kxg7 16. Ne3 Qb6 17. Nc4 Qc7 18. Ne2 Ba6 19. Ne3 Qb6 20. Rac1
Qb5 21. Rfd1 Rfd8 22. Nf4 Qb2 23. Rc2 Qa3 24. Ng4 Ng8 25. d4 h5 26. Ne3 e5
27. dxe5 dxe5 28. Nfd5 Rb7 29. g4 hxg4 30. Nxg4 Qa4 31. h3 Bc4 32. Rcc1
Rbd7 33. Qg5 Bxd5 34. exd5 f6 35. Qe3 Qa5 36. f4 exf4 37. Qxf4 Nce7 38. c4
Nf5 39. Rc2 Qa4 40. Rdc1 Re7 41. Rf2 Qa3 42. Rcf1 Qg3 43. Qxg3 Nxg3 44. Rb1
f5 45. Nh2 Nf6 46. Nf1 Ne2+ 47. Kh2 Nd4 48. Rfb2 Ne8 49. Rb7 Rdd7 50. Rxd7
Rxd7 51. Nd2 Nd6 52. Rb8 Kf6 53. Kg1 Rb7 54. Rd8 Ke5 55. Rg8 Rb2 56. Nf3+
Nxf3+ 57. Bxf3 Nxc4 58. Rxg6 Kf4 59. Bg2 Rxa2 60. h4 Ne5 61. Rg8 Ng4 62. d6
Ra1+ 63. Bf1 Rd1 64. Re8 Ne3 65. Kf2 Nxf1 66. d7 Rxd7 67. Kxf1 Kf3 68. h5
Rh7 69. Re5 Rxh5 70. Ke1 Rh1+ 71. Kd2 f4 72. Rxc5 Kf2 0-1

[Event "12th Open"]
[Site "Dubai UAE"]
[Date "2010.04.07"]
[Round "3"]
[White "Ramnath,B"]
[Black "Ayyad,H"]
[Result "1-0"]
[WhiteElo "2360"]
[BlackElo "2128"]
[EventDate "2010.04.05"]

1. e4 e5 2. Nf3 Nc6 3. Bb5 a6 4. Ba4 Nf6 5. O-O Be7 6. Re1 b5 7. Bb3 d6 8.
c3 O-O 9. d4 Bb7 10. Nbd2 h6 11. Nf1 Re8 12. Ng3 Bf8 13. a3 Na5 14. Bc2 c5
15. d5 c4 16. h3 Bc8 17. Nh2 Nb7 18. a4 Bd7 19. f4 bxa4 20. Bxa4 Nc5 21.
Bc2 exf4 22. Bxf4 Qb6 23. Be3 Qxb2 24. Bxc5 dxc5 25. e5 Qxc3 26. Nf3 Bd6
27. Rc1 Qa3 28. Nf5 Bxf5 29. Bxf5 Be7 30. exf6 Bxf6 31. Rxc4 g6 32. Bc2
Rad8 33. d6 Bd4+ 34. Nxd4 Rxd6 35. Qf3 1-0

[Event "12th Open"]
[Site "Dubai UAE"]
[Date "2010.04.07"]
[Round "3"]
[White "Mona,K"]
[Black "Solomon,K"]
[Result "0-1"]
[WhiteElo "2111"]
[BlackElo "2354"]
[EventDate "2010.04.05"]

1. d4 d6 2. Nf3 g6 3. Bf4 Bg7 4. e3 Nd7 5. Be2 e5 6. Bg3 Nh6 7. h3 O-O 8.
c4 Nf5 9. Bh2 exd4 10. exd4 c5 11. Nc3 cxd4 12. Nb5 Qb6 13. g4 a6 14. Nc7
Qxc7 15. gxf5 Qa5+ 16. Qd2 Qxf5 17. Nxd4 Qf6 18. O-O-O Nc5 19. Qf4 Bf5 20.
Rd2 Ne4 21. Nxf5 gxf5 22. Rg1 Nxd2 23. Qxd2 Kh8 24. Bxd6 Rfd8 25. c5 Rac8
26. Kb1 Rxc5 0-1

[Event "12th Open"]
[Site "Dubai UAE"]
[Date "2010.04.07"]
[Round "3"]
[White "Schneider,Ve"]
[Black "Khechen,N"]
[Result "1-0"]
[WhiteElo "2314"]
[BlackElo "2118"]
[EventDate "2010.04.05"]

1. e4 e5 2. Nf3 Nc6 3. d4 exd4 4. Nxd4 Bc5 5. Be3 Qf6 6. Nb5 Bxe3 7. fxe3
Qd8 8. Qg4 g6 9. Qf4 d6 10. Bc4 Ne5 11. O-O Qe7 12. N1c3 Be6 13. Bxe6 fxe6
14. Nxc7+ Qxc7 15. Qf8+ Kd7 16. Qxa8 Kc6 17. Rf8 Qg7 18. Rd1 Nf7 19. Rc8+
Kb6 20. Na4+ Ka6 21. Rc6+ 1-0

[Event "12th Open"]
[Site "Dubai UAE"]
[Date "2010.04.07"]
[Round "3"]
[White "Ghaem Maghami,E"]
[Black "Foisor,C"]
[Result "1-0"]
[WhiteElo "2575"]
[BlackElo "2433"]
[EventDate "2010.04.05"]

1. e4 c6 2. c4 g6 3. Nc3 Bg7 4. d4 d6 5. Be2 a6 6. Nf3 b5 7. a3 Bb7 8. O-O
Nd7 9. Bg5 Qb8 10. Re1 e5 11. d5 h6 12. Be3 Ngf6 13. Nd2 O-O 14. Rc1 cxd5
15. cxd5 Ne8 16. b4 f5 17. f3 f4 18. Bf2 Bf6 19. a4 bxa4 20. Nc4 Bd8 21.
Nxa4 g5 22. Na5 Bxa5 23. bxa5 Qd8 24. Qb3 Bc8 25. Nb6 Nxb6 26. Qxb6 Bd7 27.
Qxd8 Rxd8 28. Rb1 Ra8 29. Rb6 Bc8 30. Rc1 Rf7 31. Be1 h5 32. Bb4 Rf6 33.
Rcc6 Bd7 34. Rc1 Bc8 35. Rbc6 Bb7 36. R6c3 Rg6 37. h3 Rd8 38. Ba3 Rg7 39.
Rb3 Rc8 40. Rcb1 Rc2 41. Bd1 Ra2 42. R1b2 Ra1 43. Rb1 Ra2 44. Rc3 Kf8 45.
Kf1 Bc8 46. Be2 g4 47. fxg4 hxg4 48. Rxc8 Rxa3 49. hxg4 Rc7 50. Ra8 Re7 51.
Rxa6 Nf6 52. Bf3 Ra4 53. Re1 Nd7 54. Ra8+ 1-0

[Event "12th Open"]
[Site "Dubai UAE"]
[Date "2010.04.07"]
[Round "3"]
[White "Satyapragyan,S"]
[Black "Shengelia,D"]
[Result "1/2-1/2"]
[WhiteElo "2466"]
[BlackElo "2567"]
[EventDate "2010.04.05"]

1. e4 c5 2. Nf3 d6 3. d4 cxd4 4. Nxd4 Nf6 5. Nc3 Nc6 6. Bg5 e6 7. Qd2 Be7
8. O-O-O Nxd4 9. Qxd4 a6 10. h4 Qc7 11. Bxf6 Bxf6 12. Qxd6 Qxd6 13. Rxd6
Bd7 14. Rd3 Bc6 15. f3 h5 16. Ne2 Rd8 17. Rxd8+ Kxd8 18. g3 Ke7 19. Bg2 Bb5
20. Nc3 Bxc3 21. bxc3 Rc8 22. Kd2 Rd8+ 23. Ke3 Rc8 24. Kd2 Rd8+ 25. Ke3 Rc8
1/2-1/2

[Event "12th Open"]
[Site "Dubai UAE"]
[Date "2010.04.07"]
[Round "3"]
[White "Malakhatko,V"]
[Black "Sharbaf,M"]
[Result "1/2-1/2"]
[WhiteElo "2548"]
[BlackElo "2373"]
[EventDate "2010.04.05"]

1. d4 Nf6 2. c4 e6 3. Nf3 b6 4. g3 Bb7 5. Bg2 Be7 6. O-O O-O 7. Nc3 Ne4 8.
Bd2 Bf6 9. Rc1 c5 10. Nxe4 Bxe4 11. Bc3 d6 12. Qa4 Nc6 13. Rfd1 Qe8 14.
dxc5 Bxc3 15. Rxc3 dxc5 16. Re3 Bxf3 17. Bxf3 Nd4 18. Qxe8 Nxf3+ 19. Rxf3
Rfxe8 20. Rd2 f6 21. Rfd3 Kf8 22. Rd7 Re7 1/2-1/2

[Event "12th Open"]
[Site "Dubai UAE"]
[Date "2010.04.07"]
[Round "3"]
[White "Dzagnidze,N"]
[Black "Sargissian,G"]
[Result "0-1"]
[WhiteElo "2479"]
[BlackElo "2675"]
[EventDate "2010.04.05"]

1. d4 d5 2. c4 c6 3. Nf3 Nf6 4. Nc3 e6 5. Bg5 h6 6. Bh4 dxc4 7. e4 g5 8.
Bg3 b5 9. Be2 Bb7 10. O-O Nbd7 11. Ne5 Bb4 12. Nxd7 Nxd7 13. f4 Qe7 14. Bh5
Rf8 15. fxg5 hxg5 16. d5 exd5 17. exd5 O-O-O 18. Bg4 Qc5+ 19. Kh1 f5 20.
Bxf5 cxd5 21. a3 Bxc3 22. bxc3 d4 23. cxd4 Bxg2+ 24. Kxg2 Qd5+ 25. Kg1 Rxf5
26. Rxf5 Qxf5 27. Qd2 Qd5 28. Qe1 Nb6 29. Be5 0-1